LEADER 00947nam a2200253 i 4500 001 000000175061 003 CaOOAMICUS 005 20081105000000.0 008 081105s2008 it u000 u ita u 013 $a152538 020 $a978-88-7544-128-9 040 $aSeMil$bita 100 1 $aMoneta, Paolo.$0(OLS)http://semarc/name/31540 245 13$aIl matrimonio nel nuovo diritto canonico /$cPaolo Moneta. 250 $a4. ed. 260 $aGenova :$bECIG,$c2008. 300 $a256 p. ;$c21 cm. 650 4$aMatrimonio - Diritto canonico.$0(OLS)http://semarc/subject/1701 850 $aSeMil 852 $aSeMil$W1$xVenegono$y1$m2G II 47$j125886$B125886$CSeMilBibl$Z2$F136967 $81 961 $aAcquisto: DEA 996 $6020$a978-88-7544-128-9$9(OLS)http://semarc/number/163198 996 $6245$aIl matrimonio nel nuovo diritto canonico$9(OLS)http://semarc/title/251053 996 $6260$aGenova :$bECIG$9(OLS)http://semarc/publisher/32199 LEADER 01785nam a2200349 i 4500 001 000000350641 003 CaOOAMICUS 005 20230307124258.0 008 220623s2022 au u000 u ger u 013 $a188123 020 $a978-3-11-076324-9 040 $aSeMil$bita 041 1 $ager$alat 100 0 $aAmbrosius,$c.$0(OLS)http://semarc/name/904 245 10$aOrationes funebres 2:$bDe excessu fratris libri 2 (liber secundus: De resurrectione) /$cAmbrosius Mediolanensis ; ediert von Victoria Zimmerl-Panagl. 264 1$aBerlin ; Boston :$bDe Gruyter,$c2022. 300 $aVIII, 224 p. ;$c25 cm 490 0 $aCorpus scriptorum ecclesiasticorum latinorum ;$v107 500 $aTesto latino, introduzione e commento in tedesco 501 $aDe excessu fratris sui Satyri libri duo 504 $aBibliographie, p. [207]-216 600 04$aAmbrogio .$0(OLS)http://semarc/subject/356 650 4$aLetteratura cristiana antica - Scrittori latini.$0(OLS)http://semarc/subject/1946 650 4$aChiesa primitiva e delle origini - Orazioni funebri.$0(OLS)http://semarc/subject/50934 700 1 $aZimmerl-Panagl, Victoria,$d<1978- >.$0(OLS)http://semarc/name/110324 830 0$aCorpus scriptorum ecclesiasticorum latinorum ;$v107.$0(OLS)http://semarc/title/405 850 $aSeMil 852 $aSeMil$W1$xVenegono$y1$m2TA B 107$j233313$B241645$CSeMilBibl$Z2$F241645 $81 996 $6020$a978-3-11-076324-9$9(OLS)http://semarc/number/296131 996 $6245$aOrationes funebres 2:$bDe excessu fratris libri 2 (liber secundus: De resurrectione)$9(OLS)http://semarc/title/440435 996 $6264$aBerlin ; Boston :$bDe Gruyter$9(OLS)http://semarc/publisher/36449